La hija de Natalia (Record no. 114255)

MARC details
000 -LEADER
campo de control de longitud fija 00684nam a2200217 4500
001 - NÚMERO DE CONTROL
campo de control 114255
003 - IDENTIFICADOR DE NÚMERO DE CONTROL
campo de control ES-MaACL
005 - FECHA Y HORA DE LA ÚLTIMA TRANSACCIÓN
campo de control 20240521095700.0
007 - CAMPO FIJO DE DESCRIPCIÓN FÍSICA--INFORMACIÓN GENERAL
campo de control de longitud fija t|
008 - DATOS DE LONGITUD FIJA--INFORMACIÓN GENERAL
campo de control de longitud fija 061121s1946 sp r ||||1| spa d
100 1# - ENTRADA PRINCIPAL--NOMBRE DE PERSONA
Nombre de persona Palacio Valdés, Armando,
Fechas asociadas al nombre 1853-1938
9 (RLIN) 88382
245 13 - MENCIÓN DEL TÍTULO
Título La hija de Natalia
Resto del título : (ultimos días del Doctor Angélico) /
Mención de responsabilidad, etc. Armando Palacio Valdés.
250 ## - MENCION DE EDICION
Mención de edición Ed. definitiva.
260 ## - PUBLICACIÓN, DISTRIBUCIÓN, ETC.
Lugar de publicación, distribución, etc. Madrid :
Nombre del editor, distribuidor, etc. Fasc,
Fecha de publicación, distribución, etc. 1946.
300 ## - DESCRIPCIÓN FÍSICA
Extensión 216 p. ;
Dimensiones 20 cm.
490 1# - MENCIÓN DE SERIE
Mención de serie Obras completas ;
Designación de volumen o secuencia 21
800 ## - PUNTO DE ACCESO ADICIONAL DE SERIE--NOMBRE DE PERSONA
9 (RLIN) 236486
Nombre de persona Palacio Valdés, Armando,
Fechas asociadas al nombre 1853-1938.
Título de la obra Obras ;
Designación de volumen o secuencia 21
852 ## - LOCALIZACIÓN
Ubicación ES-MaACL
Número de control de estantería C-3953
Sublocalización o colección R.23101
942 ## - ELEMENTOS DE ENTRADA SECUNDARIOS (KOHA)
Fuente del sistema de clasificación o colocación Clasificación decimal universal
Holdings
Estatus retirado Estado de pérdida Estado de daño No para préstamo Biblioteca de origen Biblioteca actual Ubicación en estantería Fecha de adquisición Fuente de adquisición Total de préstamos Signatura topográfica completa Código de barras Visto por última vez Precio de reemplazo Tipo de ítem Koha
        Biblioteca del Ateneo de Madrid Biblioteca del Ateneo de Madrid Sala Palomar 17/01/2008     C-3953 1119156 23/02/2023 23/02/2023 Libro impreso